Jāyasī granthāvalī saṭīka; (Record no. 54946)

MARC details
000 -LEADER
fixed length control field 00742cam a22002171 4500
001 - CONTROL NUMBER
control field sa 63003204
003 - CONTROL NUMBER IDENTIFIER
control field DLC
005 - DATE AND TIME OF LATEST TRANSACTION
control field 20260227111940.0
008 - FIXED-LENGTH DATA ELEMENTS--GENERAL INFORMATION
fixed length control field 891016s1962 ii 000 0 hino
010 ## - LIBRARY OF CONGRESS CONTROL NUMBER
LC control number sa 63003204
035 ## - SYSTEM CONTROL NUMBER
System control number (OCoLC)20498019
040 ## - CATALOGING SOURCE
Original cataloging agency DLC
Transcribing agency WaU
Modifying agency NRU
-- DLC
042 ## - AUTHENTICATION CODE
Authentication code premarc
050 00 - LIBRARY OF CONGRESS CALL NUMBER
Classification number PK2095.M3
Item number J32 1962b
100 0# - MAIN ENTRY--PERSONAL NAME
Personal name Malik Muhammad Jayasi,
Dates associated with a name active 1540.
245 10 - TITLE STATEMENT
Title Jāyasī granthāvalī saṭīka;
Remainder of title Padmāvata saṭika, saṭippaṇa tathā Akharāvaṭa, Ākhir ī Kalāma aura Maharī Bāīsī kevala mula.
Statement of responsibility, etc. Vyākhyākāra Śrīnivāsa Śarmā.
260 ## - PUBLICATION, DISTRIBUTION, ETC.
Place of publication, distribution, etc. Dillī,
Name of publisher, distributor, etc. Aśoka Prakāśana
Date of publication, distribution, etc. [1962]
300 ## - PHYSICAL DESCRIPTION
Extent 672 p.
Dimensions 19 cm.
500 ## - GENERAL NOTE
General note In Hindi.
700 1# - ADDED ENTRY--PERSONAL NAME
Personal name Śarmā, Śrīnivāsa,
Dates associated with a name 1933-

No items available.

Powered by Koha